Autobahnanschlusstellen in Rheinland-Pfalz - Statistiken

Allgemein
  • Dieses Quiz wurde 27 mal gespielt
    21 seit der letzten Aktualisierung
  • Das Durchschnittsergebnis liegt bei 75 aus 182
Antwortstatistiken
Hint Antwort % Korrekt
61/63 | 63/61 Kreuz Alzey
83%
3 Neustadt/Wied
83%
1/48 | 48/1 Dreieck Vulkaneifel
75%
65 Edenkoben
75%
61 Koblenz/Dieblich
75%
61 Koblenz/Waldesch
75%
61/65 | 65/61 Kreuz Mutterstadt
75%
65 Landau-Nord
75%
65 Landau-Süd
75%
6 Ludwigshafen-Nord
75%
3 Montabaur
75%
61 Alzey
67%
48 Bendorf/Neuwied
67%
61 Bingen-Mitte
67%
1/602 | 602/1 Dreieck Moseltal
67%
6/61 | 61/6 Kreuz Frankenthal
67%
48/61 | 61/48 Kreuz Koblenz
67%
1/60 | 60/1 Kreuz Wittlich
67%
62 Kusel
67%
3 Neuwied
67%
61 Rheinböllen
67%
1 | 602 | 64a Schweich
67%
1 Daun
58%
3 Diez
58%
60/643 | 643/60 Dreieck Mainz
58%
6 Kaiserslautern-Ost
58%
61 Koblenz-Metternich
58%
61/650 | 650/61 Kreuz Ludwigshafen
58%
65 Landau-Zentrum
58%
65 Neustadt (Weinstraße) -Nord
58%
65 Neustadt (Weinstraße) -Süd
58%
64 Trier
58%
60 Bitburg
50%
61 Boppard
50%
573/61 | 61/573 Dreieck Bad Neuenahr-Ahrweiler
50%
3/48 | 48/3 Dreieck Dernbach
50%
571/61 | 61/571 Dreieck Sinzig
50%
61 Emmelshausen
50%
1 Föhren
50%
1 Gerolstein
50%
1 Hasborn
50%
48 Höhr-Grenzhausen
50%
48 Kaisersesch
50%
6 Kaiserslautern-Einsiedlerhof
50%
6 Kaiserslautern-West
50%
602 Kenn
50%
48 Koblenz-Nord
50%
6/62 | 62/6 Kreuz Landstuhl-West
50%
60/63 | 63/60 Kreuz Mainz-Süd
50%
48 Laubach
50%
1 Manderscheid
50%
48 Mayen
50%
1 Mehren
50%
61 Mendig
50%
65 Mutterstadt-Nord
50%
62/8 | 8/62 Pirmasens
50%
48 Polch
50%
60 Prüm
50%
1 Salmtal
50%
61 Schifferstadt
50%
61 Stromberg
50%
48 Ulmen
50%
1 Wittlich-Mitte
50%
61 Worms
50%
61 Worms/Mörstadt
50%
573 Bad Neuenahr
42%
62 Bann
42%
65 Deidesheim
42%
6/63 | 63/6 Dreieck Kaiserslautern
42%
60/61 | 61/60 Dreieck Nahetal
42%
6 Grünstadt
42%
61 Gundersheim
42%
65 Haßloch
42%
1 Hermeskeil
42%
48 Kaifenheim
42%
1 Kelberg
42%
62 Landstuhl-Atzel
42%
650 Maxdorf
42%
48 Ochtendung
42%
61 Pfalzfeld
42%
1 Reinsfeld
42%
61 Speyer
42%
602/64a | 64a/602 Trier-Ehrang
42%
602 Trier-Verteilerkreis
42%
61 Bad Kreuznach
33%
65 Dannstadt-Schauernheim
33%
3 Dierdorf
33%
6 Enkenbach-Alsenborn
33%
62 Glan-Münchweiler
33%
60 Ingelheim-Ost
33%
60 Ingelheim-West
33%
61 Laudert
33%
650 Ludwigshafen-Oggersheim-Süd
33%
1 Mehring
33%
63 Nieder-Olm
33%
650 Oggersheimer Kreuz
33%
6 Ramstein-Miesenbach
33%
60 Spangdahlem
33%
61 Waldlaubersheim
33%
63 Wörrstadt
33%
65 Wörth-Dorschberg
33%
8 Zweibrücken-Mitte
33%
60 Badem
25%
60 Bingen-Ost
25%
62 Birkenfeld
25%
8 Contwig
25%
65 Dreieck-Ludwigshafen-Süd
25%
6 Frankenthal-Nord
25%
650 Friedelsheim
25%
61 Gau-Bickelheim
25%
65 Hochdorf-Assenheim
25%
62 Hütschenhausen
25%
65 Kandel-Mitte
25%
65 Kandel-Nord
25%
65 Kandel-Süd
25%
63 Kirchheimbolanden
25%
61 Kruft
25%
60 Landscheid
25%
60 Mainz-Finthen
25%
643 Mainz-Gonsenheim
25%
643 Mainz-Mombach
25%
62/8 | 8/62 Pirmasens-Winzeln
25%
65 Rohrbach
25%
650 Ruchheim
25%
6 Wattenheim
25%
60 Waxweiler
25%
61 Wehr
25%
62 Weselberg
25%
60 Wittlich-West
25%
65 Wörther Kreuz
25%
60 Bleialf
17%
6 Bruchmühlbach-Miesau
17%
63 Erbes-Büdesheim
17%
63 Göllheim
17%
60 Heidesheim
17%
65 Insheim
17%
63 Klein-Winternheim
17%
650 Ludwigshafen-Bruchwiesenstraße
17%
60 Mainz-Hechtsheim-Ost
17%
60 Mainz-Hechtsheim-West
17%
60 Mainz-Laubenheim
17%
60 Mainz-Lerchenberg
17%
61 Plaidt
17%
3 Ransbach-Baumbach
17%
62 Reichweiler
17%
63 Saulheim
17%
8 Walshausen
17%
63 Winnweiler
17%
60 Winterspelt
17%
8 Zweibrücken-Ernstweiler
17%
8 Zweibrücken-Ixheim
17%
63 Biebelnheim
8%
61 Bornheim
8%
61 Dorsheim
8%
63 Freimersheim
8%
62 Höheinöd
8%
571 Löhndorf
8%
60 Mainz-Weisenau
8%
61 Niederzissen
8%
63 Sembach
8%
571 Ehlingen
0%
Keine übereinstimmenden Quizze gefunden
Verteilung der Resultate
Anzahl Personen mit jedem Resultat
Perzentil nach korrekt beantworteten Fragen
Ihre Resultats-Entwicklung
Sie haben dieses Quiz seit der letzten Aktualisierung nicht gespielt